| 000 | 00790nam a22001817a 4500 | ||
|---|---|---|---|
| 005 | 20120329122750.0 | ||
| 020 |
_c300.00 _a8186803351 |
||
| 035 | _aA-968302 | ||
| 037 |
_b _adpl |
||
| 082 | _a321.095442 | ||
| 100 |
_aकटारिया, सुरेन्द्र _944526 |
||
| 245 | 1 |
_aराज्य प्रशासन / _cसुरेन्द्र कटारिया |
|
| 260 |
_aजयपुर _bमलिक एण्ड कम्पनी _c1999 |
||
| 270 |
_a _b _e _k |
||
| 300 |
_a321पृ. _c22सेमी (सजिल्द) |
||
| 942 |
_adpl _cHN _k _2ddc _h321.095442 _mकटारि |
||
| 999 |
_c64513 _d64513 |
||